01424nam a2200169Ia 4500001001300000003001000013008004100023040002500064041000700089100002600096245005600122250001100178260003400189300001200223500097600235650004301211b6239-44329 IT-MiCISF161014s9999||||xx |||||||||||||| ||und|| aIT-MiCISFcIT-MiCISF ait aCesari Lusso Vittoria 0aSe Giulietta e Romeo fossero invecchiati insieme... a1a ed. a Gardolo (TN)bEricksonc2007 app. 209 a / relazione-di-coppia, stile-di-vita, comunicazione, rapporti-familiari / In questo libro l'A., formatrice e terapeuta in materia di relazioni interpersonali e cambiamento in età adulta, immagina una storia diversa, dal tragico epilogo che tutti conoscono, per la coppia di innamorati più famosa di tutti i tempi, I due si sposano e così Giulietta diventa nuora (con una suocera da domare), mamma, moglie, donna con i propri interessi da coltivare, mentre Romeo diventa imprenditore, politico, nonché marito e padre talvolta un po' distratto. Come tutte le coppie, anche loro si imbattono in difficoltà, incomprensioni, delusioni; a superarle sono aiutati da una saggia, Magistra, che propone un rimedio solo apparentemente semplice: la comunicazione. Il libro delinea, dunque, un quadro originale degli ostacoli che ogni relazione affettiva deve affrontare, accompagnato da indicazioni, riflessioni e suggerimenti su come comunicare meglio per vivere meglio. a Dinamiche familiari / matrimonioe001